01856nam a22002777a 4500003000400000005001700004008004100021022001400062022001400076040001700090041000800107100002600115245018800141260005600329300001700385362007800402520076800480630003101248650002701279650004801306650002301354650002701377700003101404700003101435856011201466OSt20260514105331.0260121b |||||||| |||| 00| 0 eng d a1873-6505 a1478-4092 aTBSbENcTBS aeng aHartmann, Evieauthor aOrganisational design implications of global sourcingb: a multiple case study analysis on the application of control mechanismsc/ Evi Hartmann, Gerhard Trautmann, Christopher Jahns. bJournal of Purchasing and Supply Management,c2008. a28-42 pages. aJournal of purchasing and supply management, 2008-03, Vol.14 (1), p.28-42 aGlobal sourcing has become an intended practice for many multinational corporations. Organisational design implications of global sourcing are rarely considered although they are one of the main facets of a global sourcing strategy. By elaborating on the information processing perspective of contingency theory, we derive explanations for the application of different control mechanisms in the global sourcing context. Our findings from case studies at eight multinational companies suggest that variations in control mechanisms can be explained by two contingencies: (1) corporate organisational structure and (2) the distribution of purchasing expertise among subsidiaries. Based on these case study findings, we formulate ten propositions for future research. 0aMSc International Business 0aPurchasingxManagement 0aPhysical distribution of goods xManagement 0aBusiness logistics 0aIndustrial procurement aTrautmann, Gerhardeauthor aJahns, Christophereauthor uhttps://research-ebsco-com.hub.tbs-education.fr/linkprocessor/plink?id=84c00069-0773-35c3-9065-198d65b0462f